<?xml version="1.0" encoding="UTF-8"?>
<record
    xmlns:xsi="http://www.w3.org/2001/XMLSchema-instance"
    xsi:schemaLocation="http://www.loc.gov/MARC21/slim http://www.loc.gov/standards/marcxml/schema/MARC21slim.xsd"
    xmlns="http://www.loc.gov/MARC21/slim">

  <leader>00750nam a2200253 a 4500</leader>
  <datafield tag="999" ind1=" " ind2=" ">
    <subfield code="c">693</subfield>
    <subfield code="d">693</subfield>
  </datafield>
  <controlfield tag="008">191015s1996    ii a|||g |||| 001 0 eng d</controlfield>
  <datafield tag="020" ind1=" " ind2=" ">
    <subfield code="a">9788177582321</subfield>
    <subfield code="c">Rs. 399.00</subfield>
  </datafield>
  <datafield tag="040" ind1=" " ind2=" ">
    <subfield code="a">KO</subfield>
    <subfield code="b">eng</subfield>
  </datafield>
  <datafield tag="041" ind1="0" ind2=" ">
    <subfield code="a">eng</subfield>
  </datafield>
  <datafield tag="044" ind1=" " ind2=" ">
    <subfield code="a">ii</subfield>
  </datafield>
  <datafield tag="082" ind1="0" ind2="4">
    <subfield code="2">23</subfield>
    <subfield code="a">543.1</subfield>
    <subfield code="b">Sv22</subfield>
  </datafield>
  <datafield tag="100" ind1="1" ind2=" ">
    <subfield code="a"> Vogel, Arthur I.</subfield>
  </datafield>
  <datafield tag="245" ind1="1" ind2="0">
    <subfield code="a">Vogel's Qualitative Inorganic Analysis /</subfield>
  </datafield>
  <datafield tag="250" ind1=" " ind2=" ">
    <subfield code="a">7th ed.</subfield>
  </datafield>
  <datafield tag="260" ind1=" " ind2=" ">
    <subfield code="a">Noida :</subfield>
    <subfield code="b">Dorling Kindersley (India) Pvt Ltd,</subfield>
    <subfield code="c">1996</subfield>
  </datafield>
  <datafield tag="300" ind1=" " ind2=" ">
    <subfield code="a">Various pagination :</subfield>
    <subfield code="b">ill. ;</subfield>
    <subfield code="c">24 cm.</subfield>
  </datafield>
  <datafield tag="504" ind1=" " ind2=" ">
    <subfield code="a">Includes index.</subfield>
  </datafield>
  <datafield tag="650" ind1=" " ind2="0">
    <subfield code="a">Chemistry, Analytic -- Qualitative</subfield>
    <subfield code="v">Textbooks</subfield>
  </datafield>
  <datafield tag="650" ind1=" " ind2="0">
    <subfield code="a">Chemistry, Inorganic</subfield>
    <subfield code="v">Textbooks</subfield>
  </datafield>
  <datafield tag="700" ind1="1" ind2=" ">
    <subfield code="a">Svehia, G.</subfield>
    <subfield code="e">edt</subfield>
  </datafield>
  <datafield tag="852" ind1=" " ind2=" ">
    <subfield code="a">KO</subfield>
  </datafield>
  <datafield tag="904" ind1=" " ind2=" ">
    <subfield code="a">S_JOY</subfield>
  </datafield>
  <datafield tag="942" ind1=" " ind2=" ">
    <subfield code="c">BK</subfield>
  </datafield>
  <datafield tag="952" ind1=" " ind2=" ">
    <subfield code="0">0</subfield>
    <subfield code="1">0</subfield>
    <subfield code="2">ddc</subfield>
    <subfield code="4">0</subfield>
    <subfield code="6">543_100000000000000_SV22</subfield>
    <subfield code="7">0</subfield>
    <subfield code="8">CHE</subfield>
    <subfield code="9">3870</subfield>
    <subfield code="a">KO</subfield>
    <subfield code="b">KO</subfield>
    <subfield code="c">GEN</subfield>
    <subfield code="d">2011-04-28</subfield>
    <subfield code="e">M/S Anand Enterprises (Inv. No. 662 Dt 2011-04-28)</subfield>
    <subfield code="g">399.00</subfield>
    <subfield code="o">543.1 Sv22</subfield>
    <subfield code="p">BK000003</subfield>
    <subfield code="r">2019-10-15</subfield>
    <subfield code="y">BK</subfield>
    <subfield code="z">Gen. Shelf-10, Row-2</subfield>
  </datafield>
  <datafield tag="952" ind1=" " ind2=" ">
    <subfield code="0">0</subfield>
    <subfield code="1">0</subfield>
    <subfield code="2">ddc</subfield>
    <subfield code="4">0</subfield>
    <subfield code="6">543_100000000000000_SV22</subfield>
    <subfield code="7">0</subfield>
    <subfield code="8">CHE</subfield>
    <subfield code="9">3871</subfield>
    <subfield code="a">KO</subfield>
    <subfield code="b">KO</subfield>
    <subfield code="c">GEN</subfield>
    <subfield code="d">2011-04-26</subfield>
    <subfield code="e">Educational Publishers &amp; Distributors (Inv. No. IN9 Dt 2011-04-26)</subfield>
    <subfield code="g">399.00</subfield>
    <subfield code="o">543.1 Sv22</subfield>
    <subfield code="p">BK000026</subfield>
    <subfield code="r">2019-10-15</subfield>
    <subfield code="y">BK</subfield>
    <subfield code="z">Gen. Shelf-10, Row-2</subfield>
  </datafield>
</record>
